000 01119nam0a22003251 4500
001 rc\4227894
005 20130416110525.3
021 _aRU
_b[65-49420]
035 _a(NLR Aleph) 008463079
090 _a7881972
_c7881972
100 _a20130416d1965 |||y0rusy50 ca
101 0 _arus
102 _aRU
105 _aa z |||||
200 1 _aАлмазные инструменты и их применение в машиностроении
210 _aХарьков
_cПрапор
_d1965
215 _a126 с.
_cил.
_d21
300 _aПеред загл. авт.: М.Ф. Семко, В.А. Качер, А.Ф. Раб, М.Д. Узунян
320 _aБиблиогр.: с. 123-124 (24 назв.)
606 _aИнструменты алмазные
_2psbo
606 _aАлмазная обработка
_2psbo
701 1 _aКачер
_bВ. А.
701 1 _aРаб
_bА. Ф.
701 1 _aУзунян
_bМ. Д.
701 1 _aСемко
_bМ. Ф.
_gМихаил Федорович
801 0 _aRU
_bNLR
_gpsbo
801 1 _aRU
_bELAR
_2rusmarc
852 _aNLR
_j65-3/3397
942 _cBOOK
980 _aNB